MARC

LEADER 00000nam0a2200000 4500
001 354954
005 20231102010738.0
035 |a (RuTPU)RU\TPU\retro\12213 
090 |a 354954 
100 |a 20200629d1979 km y0rusy50 ca 
101 0 |a rus 
102 |a BY 
105 |a a z 001zb 
200 1 |a Казимир Нарбут  |f В. В. Дубровский  |g Академия наук Белорусской ССР, Институт философии и права ; под ред. С. А. Подокшина 
210 |a Москва  |c Наука и техника  |d 1979 
215 |a 136 с.  |c ил. 
320 |a Библиогр.: с. 123-135 
600 1 |a Нарбут  |b К.  |c польский философ  |c гуманист  |f 1738-1807  |g Казимир  |2 stltpush  |3 (RuTPU)RU\TPU\pers\46718  |9 22354 
606 1 |a Философия народов СССР  |2 stltpush  |3 (RuTPU)RU\TPU\subj\63896  |9 80828 
606 1 |a Польская философия  |2 stltpush  |3 (RuTPU)RU\TPU\subj\50787  |9 69436 
610 1 |a Просвещение 
610 1 |a Литва 
610 1 |a Белоруссия 
610 1 |a общественная мысль 
610 1 |a 18 век 
610 1 |a схоластика 
610 1 |a критика 
610 1 |a формальная логика 
610 1 |a онтология 
610 1 |a естественнонаучная философия 
686 |a Ю3(2=А/=Я)  |v LBC/SL-A  |2 rubbk 
686 |a Ю3(4П)  |v LBC/SL-A  |2 rubbk 
700 1 |a Дубровский  |b В. В.  |g Владимир Васильевич 
702 1 |a Подокшин  |b С. А.  |4 340 
712 0 2 |a Академия наук Белорусской ССР  |b Институт философии и права  |2 stltpush  |3 (RuTPU)RU\TPU\col\11901  |9 25290 
801 1 |a RU  |b 63413507  |c 20200629 
801 2 |a RU  |b 63413507  |c 20210112  |g RCR 
942 |c BK